00382nam a2200157Ia 450000500170000000800410001702000180005804000190007604100120009508200160010724500340012326000260015730000160018365000140019985000110021320240413130522.0131103s9999 xx 000 0 und d a81-88297-01-1 aLoreto College aEnglish a370.1 bRAN 4aThe Pratichi Education Report aIndiabPatrichic2002 a127pb ill. aEducation aLCBED